Vplyv kreativity na zatraktívnenie múzeálnych zariadení
Podstata inovácií a kreativity. Kreatívne imitácie a inovácie formou outsourcingu. Kreatívne inovácie v cestovnom ruchu. Produkt cestovného ruchu. Uplatnenie kreativity na zatraktívnenie hradných múzeí Bratislavského regiónu.
Guardado en:
| Autor principal: | |
|---|---|
| Formato: | Capítulo de libro |
| Lenguaje: | eslovaco |
| Materias: | |
| Etiquetas: |
Sin Etiquetas, Sea el primero en etiquetar este registro!
|
MARC
| LEADER | 00000naa$a2200000$$$4500 | ||
|---|---|---|---|
| 001 | 0176607 | ||
| 005 | 20240502083418.6 | ||
| 041 | 0 | |a slo | |
| 044 | |a CZ | ||
| 245 | 1 | 0 | |a Vplyv kreativity na zatraktívnenie múzeálnych zariadení |c Ema Mišúnová |
| 520 | |a Podstata inovácií a kreativity. Kreatívne imitácie a inovácie formou outsourcingu. Kreatívne inovácie v cestovnom ruchu. Produkt cestovného ruchu. Uplatnenie kreativity na zatraktívnenie hradných múzeí Bratislavského regiónu. | ||
| 610 | 2 | 0 | |a ruch cestovný |
| 610 | 2 | 0 | |a inovácia |
| 610 | 2 | 0 | |a kreativita |
| 610 | 2 | 0 | |a múzeá |
| 610 | 2 | 0 | |a regióny |
| 100 | 1 | |a Mišúnová, Ema | |